| 000 | 00333 a2200133 4500 | ||
|---|---|---|---|
| 001 | 90469 | ||
| 082 | _a891.4393 SAL | ||
| 090 |
_c42802 _d42802 |
||
| 100 | _aSaleem Akhtar Dr | ||
| 245 |
_aJaras e Ghuncha _cDr Saleem Akhtar _hUrdu |
||
| 260 |
_bLahore _aSang-e-Meel Pub _c2012 |
||
| 300 | _a231p. | ||
| 500 | _aGeneral Collection | ||
| 942 |
_aCAE NUST _k891.4393 SAL |
||
| 999 |
_c325542 _d325542 |
||